| 000 | 00567nam a2200217Ia 4500 | ||
|---|---|---|---|
| 003 | OSt | ||
| 005 | 20250812162956.0 | ||
| 008 | 210210b2010 xxu||||| |||| 00| 0 eng d | ||
| 020 | _a9788184951172 | ||
| 040 | _cAL | ||
| 041 | _aeng | ||
| 082 | _a001.64404 TRIE | ||
| 100 |
_aMunesh Chandra Trivedi _9235242 |
||
| 245 |
_aElectronic commerce _b: a simplified approach |
||
| 260 |
_aAhmedabad _bJaico Publishing House _c2010 |
||
| 300 | _axiii,390 | ||
| 650 |
_aElectronic _9235244 |
||
| 690 |
_aComputer Networks _9235248 |
||
| 906 | _a065127 | ||
| 942 |
_2ddc _cBK |
||
| 999 |
_c142219 _d142219 |
||